000 00735nam a2200265Ia 4500
005 20260302115654.0
008 008 260114s9999 xx 000 0 eng d
020 _a9798216029571
037 _aTextbook
040 _aCRL
040 _beng
040 _cCRL
041 _2eng
041 _aeng
084 _qCRL
100 _aRobert W. Buckingham, Peggy A. Howard Ph.D.
_91122297
245 0 _aUnderstanding Loss and Grief for Women A New Perspective on Their Pain and Healing
260 _bBloomsbury
260 _bPraeger
260 _c2017
650 _aPsychology
856 _uhttps://doi.org/10.5040/9798216029571?locatt=label:secondary_bloomsburyCollections
942 _cEBOOK
999 _c1687068
_d1687068